000 01113nam a22002417a 4500
005 20100803155720.0
010 _aHIN-89978
020 _c150.00
_a818103029X
035 _aHN-62324
037 _bDBAD / PUB
082 _a
100 _aबनफूल
_95445
245 _aअग्निश्वर /
_cबनफूल;ममता खरे द्वारा अनुवादित
246 _aAgnishwar
_bby Banphool;Translated by Mamta Khare
260 _aदिल्ली
_bसीमा पब्लिशि्ंग हाउस
_c2010
270 _a30/21-ए, गली नं.-9, विश्वास नगर, शाहदरा
_bदिल्ली
_e110032
300 _a96पृ.
_c22सेमी (सजिल्द)
650 _bहिन्दी कथा साहित्य
_9657
650 _bHindi Katha Sahitya
_9658
700 _95361
_aखरे, ममता
942 _2ddc
_cHN
_h
_mबनफू
999 _c39044
_d39044